• 首页
  • 本馆介绍
  • 公告通知
  • 最新文献
  • 馆藏检索
  • 电子资源
  • 读者导购
  • 参考咨询
  • 我的图书馆
  • 登录
  • 详细信息显示
  • 放入我的书架
  • 预约/预借图书
  • 作者相关作品
  • 分类相关作品
  • 丛书相关作品
  • 出版社相关作品

书目信息

  • 表格格式
  • 工作单格式
  • 卡片格式
题名:
商品检验概论
    
 
作者: 夏玉宇 , 李岩 主编
分册:  
出版信息: 北京   化学工业出版社  2003
页数:
开本: 26cm
丛书名:
单 册:
中图分类: F760.6
科图分类:
主题词: 商品学
电子资源:
ISBN: 7-5025-4796-7
000 00630nam0 2200205 450
001 0754114953
005 20070929150154.95
010    @a7-5025-4796-7
100    @a20070929d km y0chiy0120 ea
101 0  @achi
200 1  @a商品检验概论@Ashang pin jian yan gai lun@e商品检验技术手册@f李岩,夏玉宇 主编@Fli yan,xia yu yu zhu bian
210    @a北京@c化学工业出版社@d2003
215    @d26cm
517 1  @a商品检验技术手册@Ashang pin jian yan ji shu shou ce
606 0  @a商品学
690    @aF760.6@v3
701  0 @a夏玉宇@Axia yu yu@4主编
701  0 @a李岩@Ali yan@4主编
801  0 @aCN@bPFT@c20070929
905    @a213230@dF760.6@eh3@f1
    
    商品检验概论:商品检验技术手册/李岩,夏玉宇 主编.-北京:化学工业出版社,2003
    26cm
    
    
    ISBN 7-5025-4796-7:
    
●
相关链接 在E读中查询图书 在五车中查询图书 在当当中查询图书 在豆瓣中查询图书


正题名:商品检验概论     索取号:F760.6/h3         预约/预借

序号 登录号 条形码 馆藏地/架位号 状态 备注
1 6001878   260018787   密集书库-化学系/ [索取号:F760.6/h3] 在馆    
欢迎您!
大连网信软件有限公司© 版权所有